000 00366nam a2200133Ia 4500
008 191206s9999 xx 000 0 und d
020 _a0889841500 :
090 _aPS8585.U4388C47
245 0 _aChristopher Columbus answers all charges
260 _aPorcupine's Quill
260 _ccc1993
300 _a175 p. ; 23 cm.
999 _c15674
_d15674